=LDR 00000nam 2200000 4500 =001 INLIS000000000061450 =005 20221018085600 =035 ##$$a 0010-1022000191 =007 ta =008 221018###########################0###### =020 ##$$a 978-623-6087-60-2 =082 ##$$a 899. 221 3 =084 ##$$a 899. 221 3 MUS d =100 #$$a Mustika Shaleha =245 1#$$a Deal With Mr. Celebrity /$c Mustika Shaleha =260 ##$$a Mataram :$b Novelindo Publishing,$c 2021 =300 ##$$a 2357 halaman ; $c 20 cm =504 ##$$a Biografi : halaman 357 =650 #4$$a Fiksi - Indonesia =990 ##$$a 08110811 =990 ##$$a 357/51/2022